00000000nam 2200000za 4500
0019.846663
003CaOODSP
00520221107153246
007cr |||||||||||
008171106s1950    oncd    os   f000 0 eng d
040 |aCaOODSP|beng
043 |an-cn---
0861 |aCS62-508/1950E-PDF
24500|aExport and import price indexes by months, July 1945-June 1950 (1948:100) |h[electronic resource].
24616|aExport and import price indexes : |bJuly, 1945 to June, 1950
260 |aOttawa : |bDominion Bureau of Statistics, |c1950.
300 |a52 p. : |bcharts
4901 |aD.B.S. reference papers, 1950 ; |vno. 8
500 |aCover title.
500 |a"October, 1950."
500 |aChiefly tables.
500 |aDigitized edition from print [produced by Statistics Canada].
520 |a“This new monthly record of export and import price indexes is on a post-war base and uses a post-war weighting system (1948 = 100). It may be used to deflate trade values in order to derive volume comparisons. The series will be kept up to date henceforth and, beginning in 1951, will be published each month in "Trade of Canada" together with derived quantity indexes. A summary table of value indexes and the derived quantity indexes is given in the attached appendix”--p. [1].
530 |aIssued also in print format.
69207|2gccst|aExports
69207|2gccst|aImports
69207|2gccst|aPrices
69207|2gccst|aStatistics
69207|2gccst|aPrice indexes
7101 |aCanada. |bDominion Bureau of Statistics. |bPrices Section.
830#0|aD.B.S. reference papers ;|vno. 8|w(CaOODSP)9.812168
85640|qPDF|s9.56 MB|uhttps://publications.gc.ca/collections/collection_2017/statcan/CS62-508-1950-eng.pdf
986 |a62-508